| 000 | 00842nam a2200277Ia 4500 | ||
|---|---|---|---|
| 003 | OSt | ||
| 005 | 20220927110409.0 | ||
| 006 | a|||||r|||| 00| 0 | ||
| 007 | ta | ||
| 008 | 220926b |||||||| |||| 00| 0 eng d | ||
| 024 | _a2233 | ||
| 037 | _cReports | ||
| 040 |
_aRTL _cRTL _beng |
||
| 041 |
_2eng _aeng |
||
| 082 | _a"X:991.281.N9, N5/GD" | ||
| 110 |
_a"Delhi, Economics and Statistics (D/O)" _9355102 |
||
| 245 | 0 | _a"Report on employment and unemployment in Delhi, 1992" | |
| 260 |
_aDelhi _bM O P _c1995 |
||
| 300 |
_a82p _ccm. |
||
| 490 | _aNational Sample Survey 48th Round Jan-Dec 1992 | ||
| 650 | _a Economics | ||
| 650 |
_aLabour Market _9351281 |
||
| 700 |
_a"Delhi, Economics and Statistics (D/O)" _9355105 |
||
| 942 |
_h"X:991.281.N9, N5/GD" _cCC |
||
| 999 |
_c696360 _d696360 |
||